La transposition didactique (Record no. 9569)

MARC details
000 -LEADER
fixed length control field 00421nam a2200109 4500
008 - FIXED-LENGTH DATA ELEMENTS--GENERAL INFORMATION
fixed length control field b xx# fre u
040 ## - CATALOGING SOURCE
Original cataloging agency LB-BrCRDP
082 1# - DEWEY DECIMAL CLASSIFICATION NUMBER
Classification number 510
Item number CHE
245 13 - TITLE STATEMENT
Title La transposition didactique
Remainder of title du savoir savant au savoir enseigné, suivie de: Un exemple d'analyse de la transposition didactique
Statement of responsibility, etc. Yves Chevallard, Marie-Alberte johsua
942 ## - ADDED ENTRY ELEMENTS (KOHA)
Koha item type Books
Holdings
Withdrawn status Lost status Source of classification or shelving scheme Damaged status Not for loan Home library Current library Shelving location Date acquired Source of acquisition Cost, normal purchase price Total Checkouts Full call number Barcode Date last seen Copy number Price effective from Koha item type
    Dewey Decimal Classification     مكتبة دار المعلمين و المعلمات - طرابلس مكتبة دار المعلمين و المعلمات - طرابلس Salle de Lecture 06/02/2006 Ambassade de France 0.00   510 CHE CRT1196 07/27/2016 1 07/27/2016 Books